00343nam a22000977a 4500040000800000082002800008100003000036245006400066260007700130300003800207 cDLC a 604 JAN 1992 C283 Or. aJanet Duro, Ilya Moeliono a Sustainable agriculture for the lowlands : bresource book aBangkok, bSoutheast Asia Sustainable Agriculture Network (SESAN),c1992 axiv, 286 s.b illustrationsc27CM